1624 1980 1286 1463 1755 1948 1182 1558 1794 1144 1789 1301 1354 1110 1171 1197 1041 1333 1981 1310 1971 1899 1111 1607 1328 1779 1267 1272 1512 1247 1442 1479 1622 1813 1608 1338 1381 1731 1694 1397 1088 1138 1256 1978 1793 1452 1671 1719 1743 1896 1654 1930 1472 1527 1998 1188 1100 1441 1737 1125 1645 1765 1508 1608 1015 1602 1739 1705 1191 1376 1156 1274 1891 1615 1135 1157 1316 1094 1406 1074 1207 1091 1207 1156 1027 1588 1096 1442 1579 1615 1796 1494 1694 1937 1291 1522 1688 1443 1410 BCNSPRNW ULIB Ver.6.0+V

เปลี่ยนเป็นภาษาไทย

Change to English
 แสดงรายละเอียดบรรณานุกรม
  กลับหน้าหลัก

Brief Record : Get Marc (ISO 2709) : E-mail record : QR code < ปิดหน้าต่าง
LEADER : 00000nam 2200000uu 4500
001    13399108622
003     ULIB
008    110310s2551||||th 000 0 tha d
020    9789740322269
060  4 QY185^bว712ก 2551
100 0  วิโรจน์ ไววานิชกิจ
245 00 กรณีศึกษาเกี่ยวกับการตรวจวิเคราะห์สารน้ำทางห้องปฏิบัติการทางการแพทย์/^cวิโรจน์ ไววานิชกิจ
250    พิมพ์ครั้งที่ 1
260    กรุงเทพฯ:^bศูนย์หนังสือแห่งจุฬาลงกรณ์มหาวิทยาลัย,^c2551
300    139 หน้า
650  7 เคมีคลินิก
650  7 สารน้ำในร่างกาย^xการวิเคราะห์
945    ^p90^l0^i024877
945    ^p90^l0^i024841
945    ^p90^l0^i024973
945    ^p90^l0^i024842
995    ทศพร
999 ^a ใช้งานได้ทุกระบบ
รายการนี้ยังไม่มีแท็ก
คุณยังไม่ได้ล็อกอิน คุณสามารถมีกิจกรรมร่วมกับเว็บไซต์ได้ แต่ต้องล็อกอินก่อน ::
  ล็อกอิน

รายการสื่อสารสนเทศ

ลำดับที่ ประเภท เลขเรียก/บาร์โค้ด สถานที่ สถานะ
- ไม่พบข้อมูล -

รายการใกล้เคียง
    ผู้แต่ง [วิโรจน์ ไววานิชกิจ]

    หัวเรื่อง [เคมีคลินิก]

BibComment


ยังไม่เคยถูกคอมเมนท์

คอมเมนท์ทรัพยากรรายการนี้
  คอมเมนท์: กรณีศึกษาเกี่ยวกั..


 Copyright 2026. Bcnsprnw @Library